| 000 -LEADER |
| fixed length control field |
00391cam a22001097a 4500 |
| 008 - FIXED-LENGTH DATA ELEMENTS--GENERAL INFORMATION |
| fixed length control field |
180718b1986 xxu||||| |||| 00| 0 eng d |
| 082 ## - DEWEY DECIMAL CLASSIFICATION NUMBER |
| Classification number |
B1096 In7 6 |
| 100 ## - MAIN ENTRY--PERSONAL NAME |
| Personal name |
Boje, Thomas P. |
| 245 ## - TITLE STATEMENT |
| Title |
Labour market segmentation and social welfare programmes- the divided society |
| Statement of responsibility, etc. |
by Thomas P. Boje |
| 260 ## - PUBLICATION, DISTRIBUTION, ETC. |
| Place of publication, distribution, etc. |
New Delhi |
| Name of publisher, distributor, etc. |
Institute of Social Sciences |
| Date of publication, distribution, etc. |
1986 |
| 500 ## - GENERAL NOTE |
| General note |
XI World Congress of Sociology |